000
00271nam a22001217a 4500
999
_c
12342
_d
12342
020
_a
9780077078560
082
_a
174.4
100
_a
George Chryssides
245
_a
Essentials of Business Ethics
260
_a
UK
_b
McGraw-Hill
_c
1996
300
_a
201 pages.
942
_c
BK